[Event "Let's Play Chess!"]
[Site "http://www.queenalice.com/game.php?id=1511216"]
[Date "2018.1.10"]
[Round "-"]
[White "igorjava"]
[Black "Frpo055"]
[Result "1-0"]
[WhiteElo "1982"]
[BlackElo "1919"]

1. e4 e5 2. f4 d5 3. exd5 e4 4. Nc3 Nf6 5. Bc4 Bg4 6. Nge2 Bc5 7. h3 Bd7 8. d4
exd3 9. Qxd3 O-O 10. Bd2 Re8 11. O-O-O g6 12. g4 h5 13. f5 Na6 14. fxg6 hxg4 15.
hxg4 Bxg4 16. gxf7+ Kxf7 17. Rdf1 Bxe2 18. d6+ Kf8 19. Bh6# 1-0

[Event "Let's Play Chess!"]
[Site "http://www.queenalice.com/game.php?id=1512502"]
[Date "2018.1.19"]
[Round "-"]
[White "charles31"]
[Black "Frpo055"]
[Result "0-1"]
[WhiteElo "1714"]
[BlackElo "1872"]

1. e4 e5 2. Nf3 Nc6 3. a3 Nf6 4. Nc3 Be7 5. Bc4 d6 6. h3 O-O 7. Nd5 Be6 8. Nxe7+
Qxe7 9. Bxe6 Qxe6 10. d3 h6 11. g4 d5 12. exd5 Nxd5 13. Qe2 Rfe8 14. Be3 f5 15.
gxf5 Qxf5 16. O-O-O Nf4 17. Bxf4 exf4 18. Qd2 Qd5 19. Nh4 g5 20. f3 gxh4 21.
Qxf4 Kh7 22. Rhg1 Rg8 23. Qxc7+ Kh8 24. Qxb7 Rab8 25. Rxg8+ Rxg8 26. Re1 Qxf3
27. Qd7 Qg3 28. Qe6 Qg5+ 29. Kb1 Nd4 30. Qe4 Nf5 31. Qe5+ Kh7 32. Rf1 Ng3 33.
Rf7+ Rg7 34. Rf3 Qxe5 0-1

[Event "Let's Play Chess!"]
[Site "http://www.queenalice.com/game.php?id=1512503"]
[Date "2018.1.19"]
[Round "-"]
[White "Frpo055"]
[Black "charles31"]
[Result "1-0"]
[WhiteElo "1861"]
[BlackElo "1743"]

1. e4 e5 2. Nf3 d6 3. Bc4 h6 4. O-O a6 5. a3 Be6 6. Bxe6 fxe6 7. d4 Qf6 8. Nc3
exd4 9. Nxd4 Nd7 10. f4 O-O-O 11. f5 exf5 12. Be3 g6 13. exf5 gxf5 14. Nxf5 Ne7
15. Nxe7+ Qxe7 16. Nd5 Qg7 17. Bd4 Ne5 18. Qd2 Rg8 19. Nf6 Nc4 20. Qf2 Be7 21.
Nxg8 Rxg8 22. Bxg7 Rxg7 23. Qd4 Nb6 24. Qxg7 1-0

[Event "Let's Play Chess!"]
[Site "http://www.queenalice.com/game.php?id=1512510"]
[Date "2018.1.20"]
[Round "-"]
[White "Frpo055"]
[Black "Lintz"]
[Result "1-0"]
[WhiteElo "1882"]
[BlackElo "1868"]

1. e4 d5 2. exd5 Qxd5 3. d4 Nc6 4. Nf3 Bg4 5. Nc3 Qd8 6. Be2 Bxf3 7. Bxf3 Nxd4
8. O-O Nxf3+ 9. Qxf3 c6 10. Bf4 e6 11. Rad1 Qc8 12. Ne4 Be7 13. Bd6 Nf6 14. Bxe7
Kxe7 15. Qa3+ Ke8 16. Nd6+ 1-0

[Event "Let's Play Chess!"]
[Site "http://www.queenalice.com/game.php?id=1512511"]
[Date "2018.1.20"]
[Round "-"]
[White "george941"]
[Black "Frpo055"]
[Result "0-1"]
[WhiteElo "1909"]
[BlackElo "1882"]

1. d4 d5 2. Nf3 e6 3. Bg5 f6 4. Bh4 c5 5. e3 Bd6 6. Nbd2 g5 7. Bg3 Bxg3 8. hxg3
Nc6 9. Bb5 c4 10. Bxc6+ bxc6 11. O-O Ne7 12. c3 Ng6 13. Qc2 Kf7 14. Kh2 h5 15.
Rh1 h4 16. g4 e5 17. Qa4 Qc7 18. Kg1 e4 19. Ne1 Bxg4 20. f3 exf3 21. Nexf3 h3
22. Kf2 hxg2 23. Kxg2 Nh4+ 24. Kf2 Nf5 25. Rxh8 Rxh8 26. Rg1 Bh3 27. Nf1 g4 28.
N3h2 Rg8 29. Ng3 Nxg3 30. Rxg3 Rg5 31. Qc2 Qd7 32. Qh7+ Rg7 33. Qh5+ Kg8 34.
Nxg4 Bxg4 0-1

[Event "Let's Play Chess!"]
[Site "http://www.queenalice.com/game.php?id=1512679"]
[Date "2018.1.20"]
[Round "-"]
[White "igorjava"]
[Black "Frpo055"]
[Result "1-0"]
[WhiteElo "2037"]
[BlackElo "1976"]

1. e4 e5 2. f4 d5 3. exd5 e4 4. c4 Nf6 5. d3 exd3 6. Qxd3 Bc5 7. a3 O-O 8. b4
Re8+ 9. Be2 Bg4 10. bxc5 Ne4 11. Nf3 Na6 12. O-O Naxc5 13. Qc2 Qf6 14. Bb2 Qxf4
15. Bc1 Qf6 16. Bb2 Qf4 17. Bd4 Qd6 18. Nc3 Bh5 19. Nxe4 Nxe4 20. Bd3 Bg6 21.
Rfe1 Nc5 22. Bxg6 hxg6 23. Ne5 a6 24. Qf2 f6 25. Bxc5 Qd8 26. Nxg6 1-0

[Event "Let's Play Chess!"]
[Site "http://www.queenalice.com/game.php?id=1514263"]
[Date "2018.2.1"]
[Round "-"]
[White "igorjava"]
[Black "Frpo055"]
[Result "1-0"]
[WhiteElo "1936"]
[BlackElo "1942"]

1. e4 e5 2. f4 d5 3. exd5 e4 4. c4 Bc5 5. d4 exd3 6. Qxd3 Nf6 7. Be3 Qe7 8. Kd2
Bb4+ 9. Nc3 O-O 10. a3 Bc5 11. Bxc5 Qxc5 12. Qe3 Qxe3+ 13. Kxe3 Bf5 14. h3 Re8+
15. Kf3 Nbd7 16. Nge2 Nc5 17. Ng3 Bd7 18. Rd1 Re7 19. b4 Nb3 20. Be2 c5 21. bxc5
Nxc5 22. Bd3 Rae8 23. Nf1 Nxd3 24. Rxd3 Bf5 25. Re3 Rxe3+ 26. Nxe3 Be4+ 27. Nxe4
Nxe4 28. Rd1 b6 29. d6 Nc5 30. Nf5 Ne6 31. d7 Rf8 32. Ne7+ Kh8 33. Nc6 Nd8 34.
Nxa7 f5 35. Nc8 Rf6 36. Rd6 Rxd6 37. Nxd6 g6 38. Nc8 Kg7 39. Nxb6 Kf7 40. Ke3
Ke7 41. Kd4 Ne6+ 42. Ke5 Nc5 43. Kd5 Nxd7 44. Nxd7 Kxd7 45. c5 h6 46. h4 h5 47.
a4 1-0

[Event "Let's Play Chess!"]
[Site "http://www.queenalice.com/game.php?id=1514264"]
[Date "2018.2.1"]
[Round "-"]
[White "Frpo055"]
[Black "igorjava"]
[Result "0-1"]
[WhiteElo "2001"]
[BlackElo "1987"]

1. e4 c5 2. Nf3 d6 3. d4 cxd4 4. Nxd4 Nf6 5. Nc3 e5 6. Nb3 Be7 7. Be2 O-O 8. O-O
a6 9. Be3 Nc6 10. Nd5 Nxe4 11. Nxe7+ Qxe7 12. Qd5 Nf6 13. Qd1 b5 14. c4 bxc4 15.
Bxc4 Be6 16. Rc1 Rfc8 17. Qe2 Bxc4 18. Qxc4 h6 19. Qh4 Nd8 20. Nd2 d5 21. Nf3 d4
22. Bd2 Nc6 23. Rfe1 Nd7 24. Qe4 Qd6 25. a3 Qe6 26. b4 f5 27. Qb1 e4 28. Nh4
Nce5 29. Rxc8+ Rxc8 30. g3 g5 31. Ng2 Nf3+ 32. Kh1 Nxe1 33. Bxe1 Qc4 34. h4 Qc1
35. Qb3+ Qc4 36. Qa4 Ne5 37. Qa5 Qf1+ 38. Kh2 Nf3+ 39. Kh3 g4# 0-1

[Event "Let's Play Chess!"]
[Site "http://www.queenalice.com/game.php?id=1514377"]
[Date "2018.2.4"]
[Round "-"]
[White "Frpo055"]
[Black "george941"]
[Result "1-0"]
[WhiteElo "1944"]
[BlackElo "1875"]

1. c4 c5 2. b3 d6 3. Bb2 e5 4. e4 Nf6 5. Nc3 Be7 6. d3 O-O 7. Qd2 b6 8. O-O-O h6
9. Kb1 Bg4 10. Be2 Nc6 11. Bxg4 Nxg4 12. f4 Bh4 13. g3 Bf6 14. h3 exf4 15. hxg4
fxg3 16. Nf3 Nd4 17. Nxd4 Bxd4 18. Ne2 Rb8 19. Nxd4 cxd4 20. Bxd4 f6 21. Qf4 Rc8
22. Qxg3 a5 23. Be3 Rb8 24. Rh2 b5 25. Rdh1 Kf7 26. g5 Rh8 27. gxh6 Qg8 28. h7
Qe8 29. Qxd6 bxc4 30. Qd5+ Qe6 31. Qxc4 Qxc4 32. dxc4 a4 33. Kc2 axb3+ 34. axb3
Ra8 35. Kc3 Rad8 36. Rd2 Rxd2 37. Kxd2 Kg6 38. Kc3 Rxh7 39. Rxh7 Kxh7 40. c5 Kg8
41. c6 1-0

[Event "Let's Play Chess!"]
[Site "http://www.queenalice.com/game.php?id=1514378"]
[Date "2018.2.3"]
[Round "-"]
[White "josebaron"]
[Black "Frpo055"]
[Result "0-1"]
[WhiteElo "1972"]
[BlackElo "1926"]

1. e4 e5 2. c4 c5 3. Nf3 Nc6 4. Nc3 Nf6 5. Be2 d6 6. d3 Be7 7. h3 O-O 8. Nd5 Ne8
9. Nxe7+ Qxe7 10. a3 f5 11. Bg5 Nf6 12. exf5 Bxf5 13. O-O Qf7 14. Be3 h6 15. Nh2
Qg6 16. Kh1 e4 17. dxe4 Nxe4 18. Bf3 Rad8 19. b3 Ng5 20. Bh5 Qf6 21. Bg4 Ne5 22.
Bxg5 Qxg5 23. Bxf5 Qxf5 24. Qd5+ Qf7 25. f4 Qxd5 26. cxd5 Nd7 27. Rae1 Rfe8 28.
Re6 Nf6 29. Rfe1 Kf7 30. Rxe8 Rxe8 31. Rxe8 Kxe8 32. f5 Nxd5 33. Nf3 b5 34. g4
a5 35. Nd2 Ke7 36. Ne4 Nf6 37. Nc3 b4 38. axb4 axb4 39. Ne2 d5 40. Kg2 Kd6 41.
Kf3 Ne4 42. Ke3 Ke5 43. h4 c4 44. Nd4 c3 45. Nc2 Nc5 46. Nxb4 Nxb3 47. Nc2 d4+
48. Nxd4 Nxd4 0-1

[Event "Let's Play Chess!"]
[Site "http://www.queenalice.com/game.php?id=1514389"]
[Date "2018.2.2"]
[Round "-"]
[White "Frpo055"]
[Black "paolop69"]
[Result "1-0"]
[WhiteElo "1972"]
[BlackElo "1722"]

1. c4 e5 2. Nc3 c6 3. e4 d6 4. b3 Be7 5. Bb2 Bf6 6. d3 Nh6 7. Be2 Be6 8. Nf3 Bg4
9. O-O Nd7 10. Ba3 a6 11. Bxd6 Ng8 12. Ba3 Be7 13. Bb2 f6 14. d4 Bb4 15. a3 Bxc3
16. Bxc3 Ne7 17. dxe5 Nxe5 18. Nxe5 Qxd1 19. Bxd1 Bxd1 20. Raxd1 fxe5 21. Bxe5
O-O 22. Bd6 Rfe8 23. c5 Ng6 24. f3 h6 25. g3 Kh7 26. Rfe1 Rad8 27. Bc7 Rxd1 28.
Rxd1 Ne5 29. Bxe5 Rxe5 30. Rd7 Rxc5 31. Rxb7 a5 32. b4 axb4 33. axb4 Rc3 34. Kg2
Rc2+ 35. Kh3 Rc3 36. Kg4 Kg6 37. h4 Kf6 38. Kf4 g5+ 39. hxg5+ hxg5+ 40. Kg4 Rb3
41. Rc7 Rxb4 42. Rxc6+ Ke7 43. Kxg5 Rb5+ 44. Kf4 Rb8 45. Rc5 Rf8+ 46. Rf5 Rh8
47. Rg5 Rf8+ 48. Kg4 Rd8 49. f4 Rd4 50. e5 Rb4 51. Kf5 Rb6 52. Rg7+ Kf8 53. Rg6
Rb5 54. g4 Rb7 55. g5 1-0

[Event "Let's Play Chess!"]
[Site "http://www.queenalice.com/game.php?id=1514767"]
[Date "2018.2.5"]
[Round "-"]
[White "schalturtjik"]
[Black "Frpo055"]
[Result "1-0"]
[WhiteElo "2147"]
[BlackElo "1962"]

1. c4 e5 2. Nc3 Nf6 3. Nf3 d6 4. d4 exd4 5. Nxd4 Bd7 6. e4 Be7 7. Be2 c5 8. Nf3
O-O 9. O-O Nc6 10. a3 Ne5 11. Bf4 Nxf3+ 12. Bxf3 Bc6 13. Qd2 Qc7 14. Rad1 Rad8
15. Rfe1 a6 16. Nd5 Nxd5 17. exd5 Bd7 18. Rxe7 Qb6 19. Rde1 Bf5 20. g4 Bg6 21.
h4 h6 22. g5 h5 23. Qe2 a5 24. Bc1 Qa6 25. Bxh5 Bxh5 26. Qxh5 b5 27. g6 fxg6 28.
Qxg6 1-0

[Event "Let's Play Chess!"]
[Site "http://www.queenalice.com/game.php?id=1515581"]
[Date "2018.2.11"]
[Round "-"]
[White "Frpo055"]
[Black "traub"]
[Result "0-1"]
[WhiteElo "1963"]
[BlackElo "1838"]

1. e4 e5 2. Nf3 Nc6 3. Bb5 a6 4. Ba4 Nf6 5. Nc3 b5 6. Bb3 Be7 7. O-O Bb7 8. d3
Nd4 9. Nxe5 Nxb3 10. axb3 O-O 11. Be3 d5 12. exd5 Nxd5 13. Nxd5 Qxd5 14. Nf3 c5
15. c4 Qf5 16. Nd2 Qxd3 17. Qh5 Bf6 18. Rab1 Rac8 19. Rfd1 g6 20. Qg4 Bg7 21. h3
f5 22. Qh4 Be4 23. f3 Qxe3+ 0-1

[Event "Let's Play Chess!"]
[Site "http://www.queenalice.com/game.php?id=1515582"]
[Date "2018.2.11"]
[Round "-"]
[White "traub"]
[Black "Frpo055"]
[Result "1-0"]
[WhiteElo "1789"]
[BlackElo "1883"]

1. e4 e5 2. Nf3 Nc6 3. Bb5 a6 4. Ba4 Nf6 5. O-O b5 6. Bb3 Be7 7. Re1 O-O 8. d4
exd4 9. Nxd4 Bb7 10. e5 Ne8 11. Qf3 Nxd4 12. Qxb7 Nxb3 13. axb3 c6 14. Rxa6 Rxa6
15. Qxa6 Bc5 16. Nc3 Nc7 17. Qa5 Ne6 18. Ne4 Qxa5 19. Bd2 Qb6 20. b4 Be7 21. Be3
Qc7 22. c3 f5 23. Nd2 Qxe5 24. Nf3 Qf6 25. Bg5 Nxg5 26. Nd4 Bxb4 27. Nxc6 1-0

[Event "Let's Play Chess!"]
[Site "http://www.queenalice.com/game.php?id=1515869"]
[Date "2018.2.13"]
[Round "-"]
[White "Frpo055"]
[Black "celsopereira"]
[Result "1-0"]
[WhiteElo "1953"]
[BlackElo "2029"]

1. e4 c5 2. Nf3 Nc6 3. d4 cxd4 4. Nxd4 g6 5. Nc3 Bg7 6. Be3 a6 7. Be2 Nf6 8. O-O
O-O 9. h3 h6 10. Qd2 Kh7 11. g4 d6 12. Kg2 Ng8 13. h4 e5 14. Nxc6 bxc6 15. Kg3
f5 16. exf5 gxf5 17. gxf5 Bxf5 18. f4 e4 19. Rg1 d5 20. Bd4 Bf6 21. Bg4 Bxh4+
22. Kh3 h5 23. Bxf5+ Rxf5 24. Rg7+ Kh6 25. Qg2 Qd6 26. Ne2 Qe6 27. Kh2 Ne7 28.
Rg1 Rc8 29. Bc5 Bg5 30. Rxe7 Bxf4+ 31. Nxf4 Qf6 32. Re6 1-0

[Event "Let's Play Chess!"]
[Site "http://www.queenalice.com/game.php?id=1515870"]
[Date "2018.2.13"]
[Round "-"]
[White "celsopereira"]
[Black "Frpo055"]
[Result "0-1"]
[WhiteElo "2009"]
[BlackElo "1978"]

1. c4 e5 2. Nc3 Nf6 3. g3 c5 4. Bg2 Nc6 5. d3 d6 6. a3 Be6 7. Bxc6+ bxc6 8. f3
Be7 9. e4 O-O 10. Be3 d5 11. Na4 Qa5+ 12. Bd2 Qc7 13. g4 Rfd8 14. cxd5 cxd5 15.
Rc1 Rdc8 16. b4 c4 17. Rc3 d4 18. Rc2 c3 19. Bg5 Bb3 20. Rxc3 Qxc3+ 21. Nxc3
Bxd1 22. Nxd1 h6 23. Bxf6 Bxf6 24. Ne2 Rc2 25. Ng3 Bh4 26. O-O Bxg3 27. hxg3
Rac8 28. Nf2 Rc1 29. f4 f6 30. fxe5 Rxf1+ 31. Kxf1 fxe5 32. Nh3 Rc3 33. Ke2 Rxa3
34. g5 Rb3 35. gxh6 gxh6 36. Nf2 h5 37. Nh3 Rxb4 38. Ng5 a5 39. Nf3 Rb5 40. Ng5
a4 41. Nf3 a3 42. Ne1 a2 0-1

[Event "Let's Play Chess!"]
[Site "http://www.queenalice.com/game.php?id=1516344"]
[Date "2018.2.17"]
[Round "-"]
[White "igorjava"]
[Black "Frpo055"]
[Result "1-0"]
[WhiteElo "1992"]
[BlackElo "1852"]

1. e4 c5 2. Nf3 Nc6 3. d4 cxd4 4. Nxd4 e5 5. Nf3 d6 6. a3 Bg4 7. Be2 Nf6 8. Nc3
Be7 9. h3 Bh5 10. O-O O-O 11. Be3 Bg6 12. Bd3 d5 13. exd5 Nxd5 14. Nxd5 Qxd5 15.
Bxg6 Qxd1 16. Bxf7+ Rxf7 17. Raxd1 Rd8 18. Rxd8+ Bxd8 19. c4 Bc7 20. Rd1 h6 21.
b4 a6 22. Ne1 Kf8 23. Bc5+ Ke8 24. f3 b6 25. Bd6 Bxd6 26. Rxd6 Rc7 27. b5 axb5
28. cxb5 Nd4 29. Rxb6 Rc5 30. a4 Rc1 31. Kf2 Ra1 32. Ra6 Ke7 33. b6 Rb1 34. Ra7+
Kf6 35. a5 Nb5 36. Ra8 Ra1 37. a6 1-0

[Event "Let's Play Chess!"]
[Site "http://www.queenalice.com/game.php?id=1516345"]
[Date "2018.2.17"]
[Round "-"]
[White "Frpo055"]
[Black "igorjava"]
[Result "0-1"]
[WhiteElo "1863"]
[BlackElo "1981"]

1. d4 d5 2. c4 c6 3. Nc3 h6 4. Nf3 Nf6 5. e3 Bg4 6. Be2 e6 7. O-O Bb4 8. Bd2 O-O
9. h3 Bf5 10. Bd3 Bxd3 11. Re1 Bxc4 12. a3 Bd6 13. b3 Bd3 14. Bc1 Bg6 15. Bb2
Ne4 16. Ne2 Nd7 17. Rc1 Qe7 18. b4 a6 19. Nd2 Nxd2 20. Qxd2 f5 21. f4 Rfc8 22.
g3 Nf6 23. Kg2 Bc7 24. Ng1 Ne4 25. Qe2 Nd6 26. Nf3 Ne4 27. Nh4 Bf7 28. Nf3 Bh5
29. Qd3 Kh8 30. Nh2 Nf6 31. Nf1 Ne4 32. Nh2 Bf7 33. Nf3 g5 34. Qc2 Rg8 35. Kh2
gxf4 36. exf4 Nxg3 0-1

[Event "Let's Play Chess!"]
[Site "http://www.queenalice.com/game.php?id=1516510"]
[Date "2018.2.20"]
[Round "-"]
[White "Frpo055"]
[Black "Lintz"]
[Result "0-1"]
[WhiteElo "1899"]
[BlackElo "1900"]

1. e4 c5 2. d4 cxd4 3. Qxd4 Nc6 4. Qd1 e5 5. Nc3 Be7 6. Nf3 d6 7. Be2 Nf6 8. O-O
h6 9. Be3 a6 10. Bc4 Bg4 11. h3 Bh5 12. a3 Nd7 13. b4 b5 14. Bb3 Nb6 15. Nd5
Nxd5 16. Bxd5 Rc8 17. Rc1 O-O 18. c4 bxc4 19. Bxc4 Nb8 20. Bd5 Kh8 21. g4 Bg6
22. Qb3 f6 23. Rxc8 Qxc8 24. Rc1 Qd8 25. Nh4 Bh7 26. Be6 Bxe4 27. Bf5 Bxf5 28.
Nxf5 Qd7 29. Bb6 Bd8 30. Be3 d5 31. Qb1 d4 32. Bd2 Bb6 33. Qe4 Rc8 34. Rxc8+
Qxc8 35. h4 Bd8 36. g5 Qc6 37. Qg4 fxg5 38. hxg5 Qg6 39. f3 Bxg5 40. Bxg5 Qxg5
41. Qxg5 hxg5 0-1

[Event "Let's Play Chess!"]
[Site "http://www.queenalice.com/game.php?id=1516710"]
[Date "2018.2.20"]
[Round "-"]
[White "Frpo055"]
[Black "george941"]
[Result "0-1"]
[WhiteElo "1926"]
[BlackElo "1651"]

1. e4 e5 2. Nf3 Nf6 3. Nxe5 d6 4. Nf3 Nxe4 5. d4 Bg4 6. Be2 Be7 7. O-O O-O 8. c4
c5 9. Nc3 Nxc3 10. bxc3 cxd4 11. cxd4 d5 12. Bf4 Bd6 13. Bxd6 Qxd6 14. c5 Qf6
15. Rb1 b6 16. cxb6 axb6 17. Ne5 Bxe2 18. Qxe2 Re8 19. Qb5 Rd8 20. Rb2 h6 21.
Ra1 Qf4 22. Qxb6 Nd7 23. Nxd7 Rxd7 24. Rab1 Rd6 25. Qc5 Rad8 26. a4 Kh7 27. a5
Qf6 28. Rb6 Rxb6 29. axb6 Qf5 30. Rc1 Re8 31. h3 Re2 32. f3 Qg5 33. g4 Qe3+ 34.
Kh1 Qxf3+ 0-1

[Event "Let's Play Chess!"]
[Site "http://www.queenalice.com/game.php?id=1516711"]
[Date "2018.2.20"]
[Round "-"]
[White "Frpo055"]
[Black "george941"]
[Result "1-0"]
[WhiteElo "1995"]
[BlackElo "1741"]

1. e4 e5 2. Nf3 Nc6 3. Bb5 a6 4. Ba4 Nge7 5. O-O d5 6. d3 Bd7 7. exd5 Nxd5 8.
Bxc6 Bxc6 9. Nxe5 Bd6 10. Re1 O-O 11. Nf3 Qf6 12. Nbd2 Rfe8 13. c4 Nf4 14. Ne4
Qg6 15. Bxf4 Bxf4 16. Qc2 Rad8 17. Rad1 Bxe4 18. dxe4 Rxd1 19. Rxd1 Qxe4 20.
Qxe4 1-0

[Event "Let's Play Chess!"]
[Site "http://www.queenalice.com/game.php?id=1516724"]
[Date "2018.2.23"]
[Round "-"]
[White "Frpo055"]
[Black "yasseryack"]
[Result "1-0"]
[WhiteElo "1949"]
[BlackElo "1891"]

1. Nf3 c5 2. c4 Nc6 3. e3 b6 4. d4 e6 5. Nc3 Bb7 6. Be2 Nf6 7. O-O Be7 8. d5
exd5 9. cxd5 Nb4 10. a3 Nbxd5 11. Bd2 O-O 12. Bc4 Nxc3 13. Bxc3 Ne4 14. Qc2 d5
15. Be2 Nxc3 16. Qxc3 Bf6 17. Qc2 Rc8 18. Rad1 c4 19. Nd4 Be5 20. Qf5 Bxd4 21.
Rxd4 Rc5 22. Rfd1 Bc8 23. Qf3 Be6 24. Qg3 b5 25. Bf3 a5 26. e4 f5 27. exf5 Rxf5
28. Bg4 Rg5 29. Bxe6+ Kh8 30. Qf3 h6 31. Bxd5 Rcxd5 32. Rxd5 Rxd5 33. Rxd5 Qe8
34. Qd1 a4 35. Rd8 Qxd8 36. Qxd8+ 1-0

[Event "Let's Play Chess!"]
[Site "http://www.queenalice.com/game.php?id=1516725"]
[Date "2018.2.24"]
[Round "-"]
[White "marcomasao"]
[Black "Frpo055"]
[Result "1-0"]
[WhiteElo "1885"]
[BlackElo "1968"]

1. e4 e5 2. Bc4 Nf6 3. Nc3 Bb4 4. Qe2 O-O 5. Nf3 Nc6 6. h3 d6 7. d3 Na5 8. Bg5
Nxc4 9. dxc4 Be6 10. Qd3 h6 11. Be3 Ne8 12. a3 Ba5 13. O-O-O f5 14. exf5 Bxf5
15. Ne4 c6 16. g4 Bg6 17. Nh2 Bc7 18. f3 Nf6 19. Nf1 d5 20. Nxf6+ Qxf6 21. Qb3
Qxf3 22. Nd2 Qf6 23. cxd5 cxd5 24. Qxd5+ 1-0